LEADER 01089nam a2200253 i 4500 001 000000084811 003 CaOOAMICUS 005 20191009102532.0 008 080903s1963 xx u000 u und u 013 $a57051 040 $aSeMil$bita 100 1 $aBerti, Giovanni,$d<1924-2019>.$0(OLS)http://semarc/name/32420 245 10$aAscesa alla Pasqua :$briflessioni sulla Quaresima ambrosiana /$cGiovanni Berti. 260 $aMilano :$bVita e Pensiero,$c1963. 300 $a144 p.$c19 cm. 490 0 $aNello spirito liturgico ;$v2 650 4$aAnno liturgico ambrosiano - Commenti.$0(OLS)http://semarc/subject/8426 650 4$aQuaresima.$0(OLS)http://semarc/subject/5768 830 0$aNello spirito liturgico ;$v2.$0(OLS)http://semarc/title/7041 850 $aSeMil 852 $aSeMil$W1$xVenegono$y1$m3K V 481$j218843$B230717$CSeMilBibl$Z2$F230717 $81 996 $6245$aAscesa alla Pasqua :$briflessioni sulla Quaresima ambrosiana$9(OLS)http://semarc/title/131437 996 $6260$aMilano :$bVita e Pensiero$9(OLS)http://semarc/publisher/29642 LEADER 01759nam a2200349 i 4500 001 000000361425 003 CaOOAMICUS 005 20260303100020.0 008 250123s2024 sp u000 u spa u 020 $a978-84-9073-373-8 040 $aSeMil$bita 245 00$aHistoria y narrativa /$cJosé Luis Sicre Díaz, Jesús Campos Santiago, Victoriano Pastor Julián, Mercedes Navarro Puerto. 250 $a2. Ed. 264 1$aEstella :$bVerbo Divino,$c2024. 300 $a662 p. ;$c24 cm 490 1 $aIntroducción al estudio de la Biblia ;$v3B 650 4$aBibbia - Storiografia.$0(OLS)http://semarc/subject/7539 650 4$aBibbia. Antico Testamento. Libri storici - Commentari, studi, critica, interpretazioni.$0(OLS)http://semarc/subject/4852 650 4$aBibbia. Antico Testamento. Profeti minori - Commentari, studi, critica, interpretazioni.$0(OLS)http://semarc/subject/41485 700 1 $aSicre Diaz, José Louis,$d<1940- >.$0(OLS)http://semarc/name/115490 700 1 $aPastor Julián, Victoriano,$d<1954- >.$0(OLS)http://semarc/name/121359 700 1 $aNavarro Puerto, Mercedes,$d<1951- >.$0(OLS)http://semarc/name/120400 700 1 $aCampos Santiago, Jesús,$d<1969- >.$0(OLS)http://semarc/name/121358 830 0$aIntroducción al estudio de la Biblia ;$v3B.$0(OLS)http://semarc/title/39632 850 $aSeMil 852 $aSeMil$W1$xVenegono$y1$m2Z V 103$j254050$B252388$CSeMilBibl$Z2$F252388 $81 900 1 $aSicre, José Luis. 996 $6020$a978-84-9073-373-8$9(OLS)http://semarc/number/302280 996 $6245$aHistoria y narrativa$9(OLS)http://semarc/title/452150 996 $6264$aEstella :$bVerbo Divino$9(OLS)http://semarc/publisher/32054